000 00745nam a2200229 i 4500
001 27071
003 ES-MaACL
005 20250804044432.0
007 t|
008 030113s1978 sp ||||1| spa d
020 _a84-292-5103-0
100 1 _aArrillaga Torrens, Rafael.
_923321
245 1 3 _aLa filosofía griega
_b: introducción al pensamiento moderno /
_cRafael Arrillaga Torrens ; prólogo de Paulino Garagorri.
250 _a2ª ed.
260 _aMadrid :
_bRevista de Occidente,
_c1978.
300 _a632 p. ;
_c19 cm.
504 _aBibliografía: p. 607-608.
650 7 _aFilosofía griega
_2embne
_912849
700 1 _aGaragorri, Paulino,
_d1916-2007
_953911
852 _aES-MaACL
_jA-8271
999 _c27071
_d27071